000 00748nam 22002053 4500
001 201790
010 _a3-925203-43-5
090 _a201790
100 _a20260416d u||y0pory50 ba
200 _aRoteiro da literatura portuguesa
_fadaptação e actualização por Ilídio Rocha
205 _a2ª impressão revista
210 _aFrankfurt am Main
_cVerlag Teo Ferrer de Mesquita
_d1996
215 _a249, [7] p.
_cbrochado
_d21 cm
300 _aAdaptação do Pequeno roteiro da história da literatura portuguesa do Instituto Português do Livro, 1984
606 _93661
_aCrítica Literária.Estudos Literários
675 _a82.09
_vPT
_zpor
701 _917130
_aRocha
_bIlídio
_f1925-2002
801 _aPT
_bBMMN
_gRPC
830 _cVanda
990 _cLIVROS